000 00466nmm a2200157Ia 4500
008 251105s9999||||xx |||||||||||||||||und||
020 _a9788425227905
041 _aspa
100 _aChing, Francis D.K.
245 0 _aDiseño de interiores :
_b Un manual
264 _a[Madrid, España] :
_bEditorial Gustavo Gili,
_c2015
300 _a372 páginas
650 _aArchitecture & Sculpture
856 _uhttps://public.digitaliapublishing.com/a/41397
942 _cCF
999 _c80299
_d80299